Digital control of dynamic systems (Record no. 10586)

MARC details
000 -LEADER
fixed length control field 00852nam a2200253Ia 4500
003 - CONTROL NUMBER IDENTIFIER
control field IN-BaIIA
008 - FIXED-LENGTH DATA ELEMENTS--GENERAL INFORMATION
fixed length control field 211028s9999 xx 000 0 eng d
020 ## - INTERNATIONAL STANDARD BOOK NUMBER
International Standard Book Number 978-0-201-51884-9
040 ## - CATALOGING SOURCE
Transcribing agency IIA Library
080 ## - UNIVERSAL DECIMAL CLASSIFICATION NUMBER
Universal Decimal Classification number 621.389.04
Item number FRA
100 ## - MAIN ENTRY--PERSONAL NAME
Personal name Franklin, Gene F.
9 (RLIN) 18053
245 #0 - TITLE STATEMENT
Title Digital control of dynamic systems
Statement of responsibility, etc. Gene F. Franklin, David J. Powell and Michael L. Workman
250 ## - EDITION STATEMENT
Edition statement 2nd ed.
260 ## - PUBLICATION, DISTRIBUTION, ETC.
Place of publication, distribution, etc. Masachusetts
Name of publisher, distributor, etc. Addison-Wesley
Date of publication, distribution, etc. 1990
300 ## - PHYSICAL DESCRIPTION
Extent xxi, 837p.
490 ## - SERIES STATEMENT
Series statement Addison-Wesley series in electrical and computer engineering
650 ## - SUBJECT ADDED ENTRY--TOPICAL TERM
Topical term or geographic name entry element Control systems design
9 (RLIN) 18054
650 ## - SUBJECT ADDED ENTRY--TOPICAL TERM
Topical term or geographic name entry element Digital control
9 (RLIN) 18055
650 ## - SUBJECT ADDED ENTRY--TOPICAL TERM
Topical term or geographic name entry element Dynamic systems
9 (RLIN) 18056
650 ## - SUBJECT ADDED ENTRY--TOPICAL TERM
Topical term or geographic name entry element NASA Thesaurus
700 ## - ADDED ENTRY--PERSONAL NAME
Personal name Powell, David J.
9 (RLIN) 18057
700 ## - ADDED ENTRY--PERSONAL NAME
Personal name Workman, Michael L.
9 (RLIN) 18058
942 ## - ADDED ENTRY ELEMENTS (KOHA)
Koha item type Books
Holdings
Withdrawn status Lost status Damaged status Not for loan Home library Current library Shelving location Date acquired Cost, normal purchase price Total Checkouts Full call number Barcode Date last seen Cost, replacement price Price effective from Koha item type Purchase Price
        IIA Library-Bangalore IIA Library-Bangalore General Stacks 11/02/1993 535.85   621.389.04/ FRA 11497 05/11/2021 535.85 11/02/1993 Books Rs. 535.85

Powered by Koha